LEADER 01340nam a2200325 a 4500 001 000000125474 003 CaOOAMICUS 005 20240429122946.0 008 110526s2008 it b u000 u ita r 020 $a978-88-430-4603-4 032 $aLibriCat 040 $aPUL$bita 082 04$a035 100 1 $aSquarcini, Federico.$0(OLS)http://pul/name/34824 245 10$aYoga :$bfra storia, salute e mercato /$cFederico Squarcini, Luca Mori. 260 $aRoma :$bCarocci,$cİ2008. 300 $a136 p. :$bc. geogr. ;$c22 cm. 490 1 $aQuality paperbacks ;$v248 504 $aNote e bibliografia: p. 117-131. 650 4$aIndologia$xStoria ed evoluzione.$0(OLS)http://pul/subject/37681 700 1 $aMori, Luca,$d1971-$0(OLS)http://pul/name/113641 830 0$aQuality paperbacks (Carocci) ;$v248.$0(OLS)http://pul/title/103487 850 $aPUL 852 $aPUL$W1$xDP2 Cons. Gen., Altre Classi 3$y97$m035 COLL 1.248$j144507$qDDC 21$B143535$CPULBib$Z2$F143535 $H116371 $82 941 1 $a9 996 $6020$a978-88-430-4603-4$9(OLS)http://pul/number/147326 996 $6082$a035$9(OLS)http://pul/classification/471 996 $6245$aYoga :$bfra storia, salute e mercato$9(OLS)http://pul/title/158216 996 $6260$aRoma :$bCarocci$9(OLS)http://pul/publisher/66917 LEADER 02779nam a2200481 a 4500 001 000000131312 003 CaOOAMICUS 005 20140408110757.0 008 121114m20129999it u000 u ita r 020 $a978-88-13-31539-9 (v. 2) 020 $a978-88-13-32786-6 (v. 1) 020 $a978-88-13-33778-0 (v. 3) 040 $aPUL$bita 082 04$a345.4502 245 10$aManuale di diritto penale /$ca cura di Giovanni Cocco. 260 $aPadova :$bCEDAM,$c2012- 300 $av. ;$c24 cm. 500 $aComprende indici. 505 1 $aV. 1. Parte generale I, 1: la legge penale / a cura di Giovanni Cocco e Enrico Mario Ambrosetti. -- v. 2. Parte generale I, 2: il reato / a cura di Giovanni Cocco. -- v. 3. Parte speciale: I reati contro i beni pubblici : Stato, amministrazione pubblica e della giustizia, ordine pubblico / a cura di Giovanni Cocco, Enrico Mario Ambrosetti, Enrico Mezzetti (2. ed.). 650 4$aDiritto penale$zItalia.$0(OLS)http://pul/subject/10217 650 4$aReato$zItalia.$0(OLS)http://pul/subject/13487 650 4$aDelitti contro la pubblica amministrazione.$0(OLS)http://pul/subject/28570 700 1 $aCocco, Giovanni.$0(OLS)http://pul/name/28667 700 1 $aAmbrosetti, Enrico Mario.$0(OLS)http://pul/name/68499 700 1 $aMezzetti, Enrico.$0(OLS)http://pul/name/64746 740 32$aIl reato. 740 32$aLa legge penale. 740 22$aI reati contro i beni pubblici : Stato, amministrazione pubblica e della giustizia, ordine pubblico. 850 $aPUL 852 $aPUL$W1$xSL Diritto e Scienze Sociali 3$y79$m345. 4502 COCGI 1.1.2$j151608$av. 2$qDDC 21$B150504$CPULBib$Z2$F150504 $H121067 $82 852 $aPUL$W1$xSL Diritto e Scienze Sociali 3$y79$m345. 4502 COCGI 1.1.1$j155845$av. 1$qDDC 21$B155280$CPULBib$Z2$F155280 $H122805 $82 852 $aPUL$W1$xSL Diritto e Scienze Sociali 3$y79$m345. 4502 COCGI 2$j159108$av. 3$qDDC 21$B158658$CPULBib$Z2$F158658 $H123802 $82 941 1 $a9 996 $6020$a978-88-13-32786-6 (v. 1)$9(OLS)http://pul/number/153448 996 $6020$a978-88-13-31539-9 (v. 2)$9(OLS)http://pul/number/151016 996 $6020$a978-88-13-33778-0 (v. 3)$9(OLS)http://pul/number/155017 996 $6082$a345.4502$9(OLS)http://pul/classification/2020 996 $6245$aManuale di diritto penale$9(OLS)http://pul/title/131443 996 $6740$aLa legge penale$9(OLS)http://pul/title/171048 996 $6740$aIl reato$9(OLS)http://pul/title/165872 996 $6740$aI reati contro i beni pubblici : Stato, amministrazione pubblica e della giustizia, ordine pubblico$9(OLS)http://pul/title/174787 996 $6260$aPadova :$bCEDAM$9(OLS)http://pul/publisher/48126